000
00225nam a2200097Ia 4500
005
20251222114415.0
008
251222s1900||||xx |||||||||||||| ||spa||
082
_a
DVD0010/S81
245
0
_a
Una guerra de pelĂcula.:
942
_c
DVD
999
_c
2212
_d
2212